<?xml version="1.0" encoding="UTF-8"?>
<record
    xmlns:xsi="http://www.w3.org/2001/XMLSchema-instance"
    xsi:schemaLocation="http://www.loc.gov/MARC21/slim http://www.loc.gov/standards/marcxml/schema/MARC21slim.xsd"
    xmlns="http://www.loc.gov/MARC21/slim">

  <leader>00490nam a22001937a 4500</leader>
  <controlfield tag="005">20250318160201.0</controlfield>
  <controlfield tag="008">250318b        |||||||| |||| 00| 0 eng d</controlfield>
  <datafield tag="020" ind1=" " ind2=" ">
    <subfield code="a">9789386418371</subfield>
    <subfield code="c">299.00</subfield>
  </datafield>
  <datafield tag="040" ind1=" " ind2=" ">
    <subfield code="a">MAIN</subfield>
  </datafield>
  <datafield tag="041" ind1=" " ind2=" ">
    <subfield code="a">English</subfield>
  </datafield>
  <datafield tag="082" ind1=" " ind2=" ">
    <subfield code="a">001.42 </subfield>
    <subfield code="b">RAH</subfield>
  </datafield>
  <datafield tag="100" ind1=" " ind2=" ">
    <subfield code="a">Rahim, F. Abdul</subfield>
    <subfield code="9">25387</subfield>
  </datafield>
  <datafield tag="245" ind1=" " ind2=" ">
    <subfield code="a">Thesis Writing</subfield>
    <subfield code="b">: A Manual For Researchers </subfield>
  </datafield>
  <datafield tag="250" ind1=" " ind2=" ">
    <subfield code="a">2nd</subfield>
  </datafield>
  <datafield tag="260" ind1=" " ind2=" ">
    <subfield code="a">New Delhi</subfield>
    <subfield code="b">New Age International </subfield>
    <subfield code="c">2018</subfield>
  </datafield>
  <datafield tag="300" ind1=" " ind2=" ">
    <subfield code="a">141</subfield>
  </datafield>
  <datafield tag="650" ind1=" " ind2=" ">
    <subfield code="a">Chemistry </subfield>
  </datafield>
  <datafield tag="942" ind1=" " ind2=" ">
    <subfield code="c">BK</subfield>
  </datafield>
  <datafield tag="999" ind1=" " ind2=" ">
    <subfield code="c">59495</subfield>
    <subfield code="d">59495</subfield>
  </datafield>
  <datafield tag="952" ind1=" " ind2=" ">
    <subfield code="0">0</subfield>
    <subfield code="1">0</subfield>
    <subfield code="2">ddc</subfield>
    <subfield code="4">0</subfield>
    <subfield code="6">001_420000000000000_RAH</subfield>
    <subfield code="7">1</subfield>
    <subfield code="9">89599</subfield>
    <subfield code="a">MAIN</subfield>
    <subfield code="b">MAIN</subfield>
    <subfield code="d">2025-03-18</subfield>
    <subfield code="o">001.42  RAH</subfield>
    <subfield code="p">50375</subfield>
    <subfield code="r">2025-03-18</subfield>
    <subfield code="w">2025-03-18</subfield>
    <subfield code="y">REF</subfield>
  </datafield>
  <datafield tag="952" ind1=" " ind2=" ">
    <subfield code="0">0</subfield>
    <subfield code="1">0</subfield>
    <subfield code="2">ddc</subfield>
    <subfield code="4">0</subfield>
    <subfield code="6">001_420000000000000_RAH</subfield>
    <subfield code="7">0</subfield>
    <subfield code="9">89600</subfield>
    <subfield code="a">MAIN</subfield>
    <subfield code="b">MAIN</subfield>
    <subfield code="d">2025-03-18</subfield>
    <subfield code="l">0</subfield>
    <subfield code="o">001.42  RAH</subfield>
    <subfield code="p">50376</subfield>
    <subfield code="r">2025-03-18</subfield>
    <subfield code="w">2025-03-18</subfield>
    <subfield code="y">BK</subfield>
  </datafield>
  <datafield tag="952" ind1=" " ind2=" ">
    <subfield code="0">0</subfield>
    <subfield code="1">0</subfield>
    <subfield code="2">ddc</subfield>
    <subfield code="4">0</subfield>
    <subfield code="6">001_420000000000000_RAH</subfield>
    <subfield code="7">0</subfield>
    <subfield code="9">89601</subfield>
    <subfield code="a">MAIN</subfield>
    <subfield code="b">MAIN</subfield>
    <subfield code="d">2025-03-18</subfield>
    <subfield code="l">0</subfield>
    <subfield code="o">001.42  RAH</subfield>
    <subfield code="p">50377</subfield>
    <subfield code="r">2025-03-18</subfield>
    <subfield code="w">2025-03-18</subfield>
    <subfield code="y">BK</subfield>
  </datafield>
  <datafield tag="952" ind1=" " ind2=" ">
    <subfield code="0">0</subfield>
    <subfield code="1">0</subfield>
    <subfield code="2">ddc</subfield>
    <subfield code="4">0</subfield>
    <subfield code="6">001_420000000000000_RAH</subfield>
    <subfield code="7">0</subfield>
    <subfield code="9">89602</subfield>
    <subfield code="a">MAIN</subfield>
    <subfield code="b">MAIN</subfield>
    <subfield code="d">2025-03-18</subfield>
    <subfield code="l">0</subfield>
    <subfield code="o">001.42  RAH</subfield>
    <subfield code="p">50378</subfield>
    <subfield code="r">2025-03-18</subfield>
    <subfield code="w">2025-03-18</subfield>
    <subfield code="y">BK</subfield>
  </datafield>
  <datafield tag="952" ind1=" " ind2=" ">
    <subfield code="0">0</subfield>
    <subfield code="1">0</subfield>
    <subfield code="2">ddc</subfield>
    <subfield code="4">0</subfield>
    <subfield code="6">001_420000000000000_RAH</subfield>
    <subfield code="7">0</subfield>
    <subfield code="9">89603</subfield>
    <subfield code="a">MAIN</subfield>
    <subfield code="b">MAIN</subfield>
    <subfield code="d">2025-03-18</subfield>
    <subfield code="l">0</subfield>
    <subfield code="o">001.42  RAH</subfield>
    <subfield code="p">50379</subfield>
    <subfield code="r">2025-03-18</subfield>
    <subfield code="w">2025-03-18</subfield>
    <subfield code="y">BK</subfield>
  </datafield>
  <datafield tag="952" ind1=" " ind2=" ">
    <subfield code="0">0</subfield>
    <subfield code="1">0</subfield>
    <subfield code="2">ddc</subfield>
    <subfield code="4">0</subfield>
    <subfield code="6">001_420000000000000_RAH</subfield>
    <subfield code="7">0</subfield>
    <subfield code="9">89604</subfield>
    <subfield code="a">MAIN</subfield>
    <subfield code="b">MAIN</subfield>
    <subfield code="d">2025-03-18</subfield>
    <subfield code="l">0</subfield>
    <subfield code="o">001.42  RAH</subfield>
    <subfield code="p">50380</subfield>
    <subfield code="r">2025-03-18</subfield>
    <subfield code="w">2025-03-18</subfield>
    <subfield code="y">BK</subfield>
  </datafield>
  <datafield tag="952" ind1=" " ind2=" ">
    <subfield code="0">0</subfield>
    <subfield code="1">0</subfield>
    <subfield code="2">ddc</subfield>
    <subfield code="4">0</subfield>
    <subfield code="6">001_420000000000000_RAH</subfield>
    <subfield code="7">0</subfield>
    <subfield code="9">89605</subfield>
    <subfield code="a">MAIN</subfield>
    <subfield code="b">MAIN</subfield>
    <subfield code="d">2025-03-18</subfield>
    <subfield code="l">0</subfield>
    <subfield code="o">001.42  RAH</subfield>
    <subfield code="p">50381</subfield>
    <subfield code="r">2025-03-18</subfield>
    <subfield code="w">2025-03-18</subfield>
    <subfield code="y">BK</subfield>
  </datafield>
  <datafield tag="952" ind1=" " ind2=" ">
    <subfield code="0">0</subfield>
    <subfield code="1">0</subfield>
    <subfield code="2">ddc</subfield>
    <subfield code="4">0</subfield>
    <subfield code="6">001_420000000000000_RAH</subfield>
    <subfield code="7">0</subfield>
    <subfield code="9">89606</subfield>
    <subfield code="a">MAIN</subfield>
    <subfield code="b">MAIN</subfield>
    <subfield code="d">2025-03-18</subfield>
    <subfield code="l">0</subfield>
    <subfield code="o">001.42  RAH</subfield>
    <subfield code="p">50382</subfield>
    <subfield code="r">2025-03-18</subfield>
    <subfield code="w">2025-03-18</subfield>
    <subfield code="y">BK</subfield>
  </datafield>
  <datafield tag="952" ind1=" " ind2=" ">
    <subfield code="0">0</subfield>
    <subfield code="1">0</subfield>
    <subfield code="2">ddc</subfield>
    <subfield code="4">0</subfield>
    <subfield code="6">001_420000000000000_RAH</subfield>
    <subfield code="7">0</subfield>
    <subfield code="9">89607</subfield>
    <subfield code="a">MAIN</subfield>
    <subfield code="b">MAIN</subfield>
    <subfield code="d">2025-03-18</subfield>
    <subfield code="l">0</subfield>
    <subfield code="o">001.42  RAH</subfield>
    <subfield code="p">50383</subfield>
    <subfield code="r">2025-03-18</subfield>
    <subfield code="w">2025-03-18</subfield>
    <subfield code="y">BK</subfield>
  </datafield>
  <datafield tag="952" ind1=" " ind2=" ">
    <subfield code="0">0</subfield>
    <subfield code="1">0</subfield>
    <subfield code="2">ddc</subfield>
    <subfield code="4">0</subfield>
    <subfield code="6">001_420000000000000_RAH</subfield>
    <subfield code="7">0</subfield>
    <subfield code="9">89608</subfield>
    <subfield code="a">MAIN</subfield>
    <subfield code="b">MAIN</subfield>
    <subfield code="d">2025-03-18</subfield>
    <subfield code="l">0</subfield>
    <subfield code="o">001.42  RAH</subfield>
    <subfield code="p">50384</subfield>
    <subfield code="r">2025-03-18</subfield>
    <subfield code="w">2025-03-18</subfield>
    <subfield code="y">BK</subfield>
  </datafield>
</record>
